Recenzný posudok
Recenzný posudok k príspevkom doktorandského seminára Auditing: Možnosti eliminácie nedokonalostí účtovnej legislatívy z pohľadu audítora, autor Milan Gedeon, Alternatívne spôsoby oceňovania a účtovania z pohľadu audítora, autorka Petra Srnišová, Vplyv daňovej etiky na efektívnosť výberu daní z pohľ...
Gespeichert in:
| 1. Verfasser: | |
|---|---|
| Format: | Buchkapitel |
| Sprache: | Slowakisch |
| Schlagworte: | |
| Tags: |
Keine Tags, Fügen Sie das erste Tag hinzu!
|
MARC
| LEADER | 00000naa$a2200000$$$4500 | ||
|---|---|---|---|
| 001 | 0242444 | ||
| 005 | 20240502073937.2 | ||
| 041 | 0 | |a slo | |
| 044 | |a SK | ||
| 245 | 1 | 0 | |a Recenzný posudok |c Veronika Kňažková |
| 520 | |a Recenzný posudok k príspevkom doktorandského seminára Auditing: Možnosti eliminácie nedokonalostí účtovnej legislatívy z pohľadu audítora, autor Milan Gedeon, Alternatívne spôsoby oceňovania a účtovania z pohľadu audítora, autorka Petra Srnišová, Vplyv daňovej etiky na efektívnosť výberu daní z pohľadu audítora, autor Michal Kováčik. | ||
| 610 | 2 | 0 | |a audit |
| 610 | 2 | 0 | |a audítori |
| 610 | 2 | 0 | |a audítorstvo |
| 610 | 2 | 0 | |a účtovníctvo |
| 610 | 2 | 0 | |a recenzie |
| 100 | 1 | |a Kňažková, Veronika, 1986- | |